Class privilege and economic development : the Consulado de Comercio of Guatemala, 1793-1871.

Bibliographic Details
Main Author: Woodward, Ralph Lee
Format: Book
Language:English
Published: Chapel Hill : University of North Carolina Press, 1966.
Series:The James Sprunt studies in history and political science, v. 48
Subjects:

MARC

Tag First Indicator Second Indicator Subfields
LEADER 00000cam a22000001 4500
001 in00000077438
005 20151008052741.0
008 740625s1966 ncu b 00000 eng
010 |a  66028301  
035 |a (OCoLC)01487512 
035 |9 AAH4733AM 
040 |a DLC  |c DLC  |d TXA  |d UtOrBLW 
043 |a ncgt--- 
049 |a TXAM  |c [520731] 
050 0 0 |a F251  |b .J28 vol. 48 
051 |a HF73.G8  |b W6  |c Copy 2. 
082 0 |a 380.097281 
092 |a 380.097281  |b W912c 
100 1 |a Woodward, Ralph Lee. 
245 1 0 |a Class privilege and economic development :  |b the Consulado de Comercio of Guatemala, 1793-1871. 
264 1 |a Chapel Hill :  |b University of North Carolina Press,  |c 1966. 
300 |a xviii, 155 pages ;  |c 23 cm. 
336 |a text  |b txt  |2 rdacontent 
337 |a unmediated  |b n  |2 rdamedia 
338 |a volume  |b nc  |2 rdacarrier 
490 0 |a The James Sprunt studies in history and political science, v. 48 
500 |a Based on thesis, Tulane University. 
504 |a Bibliography: pages [135]-148. 
610 1 0 |a Consulado Nacional (Guatemala) 
651 0 |a Guatemala  |x Commerce  |x History. 
999 |a MARS 
999 f f |s b242565e-5bba-37a5-a842-049f6dec7c0a  |i 2fb83f91-de7b-3da7-a6e2-71d45fe19908  |t 0 
952 f f |p ric  |a Texas A&M University  |b Rellis Campus  |c Joint Library Facility  |d Remote Storage  |t 0  |e F251 .J28 vol. 48  |h Library of Congress classification  |i unmediated -- volume  |m A14800871563 
998 f f |a F251 .J28 vol. 48  |t 0  |l Remote Storage